000 00822nam a22002657a 4500
003 OSt
005 20260424112524.0
008 260424b |||||||| |||| 00| 0 eng d
020 _a978-93-4953175-8
037 _cReference
040 _aFEDL
_beng
_cFEDL
041 _aeng
_heng
082 _a181.4 SHA/RR
100 _aSharma, Raj Kishore, Ed.
_91235179
245 _aMind and self in Bharatiye thought/
_cedited by Raj Kishore Sharma; Shobhita Singal.
260 _aNew Delhi
_bKitabwale
_c2025
300 _a72p.
365 _aINR
_b220.00
490 _3V.10
650 _aPHILOSOPHY OF INDIA
_91234613
650 _aPSYCHOLOGY- MINDI AND SELF
_91235610
700 _aSingal, Shobhia, Ed.
_91235611
942 _2ddc
_cREF
_h181.4 SHA/RR
_n0
999 _c1848485
_d1848485